Представление документа в формате MARC21

Поле Инд. ПП Название Значение
Тип записи a
Библиографический уровень m
001 _ Контрольный номер RU\infra-m\znanium\bibl\1020590
005 _ Дата корректировки 20250915104140.2
008 Кодируемые данные 190327s2019 RU g rus u
020 a ISBN 978-5 4263-0678-3
040 a Служба первич. каталог. Общество с ограниченной ответственностью «ЗНАНИУМ»
041 a Код языка текста rus
044 a Код страны публикации RU
080 a Индекс УДК 811.133.1(078)
084 2 Источник индекса rubbk
a Индекс другой классификации/Индекс ББК 81.2Фря7
084 2 Источник индекса okso
a Индекс другой классификации/Индекс ББК 44.03.01
084 2 Источник индекса okso
a Индекс другой классификации/Индекс ББК 45.03.02
100 1_ a Автор Беликова Галина Васильевна
q Полное имя Галина Васильевна
245 a Заглавие Французский язык: говорим, пишем, мыслим
b Продолж. заглавия Учебное пособие
260 a Место издания Москва
b Издательство Московский педагогический государственный университет
c Дата издания 2018
300 a Объем 248 с.
520 a Аннотация Учебное пособие «Le Francais : parler, ecrire, re? echir» адресовано студентам старших курсов отделений французского языка факультетов/институтов иностранных языков, обучающимся по направлениям «Педагогическое образование» (квалификация «бакалавр»), «Лингвистика» (квалификация «бакалавр»), а также всем, кто интересуется французским языком и культурой. Главная цель пособия - развитие коммуникативных навыков и повышение уровня языковой и коммуникативной компетенции обучающихся в области иностранного (французского) языка.
521 a Примеч. о целев. назн. ВО - Бакалавриат
650 a Основная рубрика Филологические науки
x Основная подрубрика Французский язык
700 1_ a Другие авторы Кулагина Ольга Анатольевна
q Полное имя Ольга Анатольевна
852 x Примечание, не предназначенное для пользователя znanium2022
856 4_ a Имя сервера/домена znanium.com
m Помощь ebs_support@infra-m.ru
n Местонахождение сервера НИЦ ИНФРА-М
u URL http://znanium.com/catalog/document?id=339665
z Примечание для пользователя Участвует в КО
856 41 a Имя сервера/домена znanium.com
d Путь /cover/1020
f Электронное имя 1020590.jpg
q Тип электронного формата image/jpeg
u URL https://znanium.com/cover/1020/1020590.jpg